000 00525nam a22001817a 4500
999 _c4573
_d4573
003 GBCCL
005 20241126110521.0
008 180124b xxu||||| |||| 00| 0 eng d
040 _cgbc
082 _a226.2007
_bMAC
100 _aMacArthur, John
_98028
245 _aThe Power of Jesus:
_bMatthew 8:1-9:8, 18-25 /
_cJohn MacArthur
260 _aPanorama:
_bWord of Grace Communications,
_c1984
300 _a142 p.;
_c23 cm.
440 _aStudy Notes
_98454
650 _aBible
_vN.T.
_vMatthew
_xStudy
_98455
942 _2ddc
_cBK
_01